| 000 | 00745nam a2200205Ia 4500 | ||
|---|---|---|---|
| 003 | OSt | ||
| 005 | 20250916153947.0 | ||
| 008 | 210719s2003 xx 000 0 und d | ||
| 040 | _cAL | ||
| 041 | _aTulu | ||
| 082 | _aT894.2 GOPJ | ||
| 100 |
_aGOPALA SHETTY (U) _dಗೋಪಾಲ ಶೆಟ್ಟಿ (ಯು) _9238853 |
||
| 245 |
_aJoklena natakolu: Devere daye bokka sattyada sadi _bಜೋಕ್ಲೆನ ನಾಟಕೊಲು : ದೇವೆರೆ ದಯೆ ಬೊಕ್ಕ ಸತ್ಯದ ಸಾದಿ |
||
| 260 |
_aKinnigoli _bYugapurusha Prakatanalaya _c2003 |
||
| 300 |
_av-- 68 _bPB |
||
| 365 |
_b25 _cRs |
||
| 650 |
_aTulu Drama _9238854 |
||
| 906 | _abokka ; daye ; Devere ; Joklena ; natakolu: ; sadi ; sattyada | ||
| 942 |
_2ddc _cBK |
||
| 999 |
_c214855 _d214855 |
||